000 00277nam a22001337a 4500
008 170906b xxu||||| |||| 00| 0 eng d
020 _a0870057375
041 _aeng
080 _26TH
_a72
100 _a41
101 _aARK
245 _aDESIGNING
_cKOPP,E
942 _2udc
_cBK
999 _c26362
_d26362